Engineering economy : applying theory to practice
Αποθηκεύτηκε σε:
| Κύριος συγγραφέας: | |
|---|---|
| Μορφή: | Βιβλίο |
| Γλώσσα: | English |
| Δημοσίευση: |
Chicago :
Irwin,
c1995
|
| Θέματα: | |
| Ετικέτες: |
Προσθήκη ετικέτας
Δεν υπάρχουν, Καταχωρήστε ετικέτα πρώτοι!
|
MARC
| LEADER | 00000nam a2200000 i 4500 | ||
|---|---|---|---|
| 001 | 1/14298 | ||
| 008 | 001204s1995 eng d | ||
| 020 | |a 0-256-11441-2 | ||
| 035 | |l 10064949 | ||
| 040 | |a GR-MY-UA |b gre |e aacr | ||
| 041 | 0 | |a eng | |
| 082 | 0 | |a 658.15 | |
| 100 | 1 | |a Eschenbach, Ted. | |
| 245 | 1 | 0 | |a Engineering economy : |b applying theory to practice / |c Ted G. Eschenbach |
| 260 | |a Chicago : |b Irwin, |c c1995 | ||
| 300 | |a xxvi, 594 p. | ||
| 504 | |a Includes index | ||
| 650 | 0 | 0 | |a Engineering economy. |
| 852 | |a INST |b CHIOS |e 20001204 |h 658.15 ESC |p 005200017011 |q 005200017011 |t BK |y 0 | ||
| 901 | |a BIBL2-2001-1 | ||
| 909 | |a Χ |b 082420 | ||
| 922 | |a 2ΕΛΗ |b 200010 |c ΤΜΟΔ |d ΜΙΧΑΛΟΠΟΥΛΟΣ | ||
| 950 | |a 186-2000-09-14 | ||
| 970 | |a ΣΑΛΑΜΟΥΡΑ |b ΜΑΡΙΑ |z 2001/02/08 | ||